000
002810000a22000970004500
100
1
_a
Winter, Ralph D.
245
1
0
_a
They kingdom come : An analysis of a vision
300
_a
Vol. 13, Núm 2 (1996), Páginas 63-69
773
0
_t
International Journal of Frontier Misions
942
_c
ANA
999
_c
55258
_d
55258